My Favourite Cars 1-15 - Statistics

General Stats
  • This quiz has been taken 16 times
  • The average score is 6 of 15
Answer Stats
# Letter Answer % Correct
#1 K Koenigsegg Jesko
73%
#11 P Pagani Zonda
73%
#3 P Pagani Huayra
67%
#12 P Porsche 911
67%
#4 K Koenigsegg Agera
60%
#8 L Lamborghini Huracan
60%
#7 F Ferrari F40
40%
#13 M Mclaren P1
40%
#2 P Porsche 918
40%
#10 K Koenigsegg Regera
33%
#14 K Koenigsegg One:1
27%
#9 M Mclaren F1
27%
#15 P Porsche 911 GT1
7%
#6 P Porsche 964
7%
#5 P Porsche 992
7%
No matching quizzes found
Score Distribution
Percent of People with Each Score
Percentile by Number Answered
Your Score History
You have not taken this quiz